ბათუმის შოთა რუსთაველის სახელმწიფო უნივერსიტეტის ბიბლიოთეკა

An introduction to radio frequency engineering / (ბიბ.ჩანაწერი № 57592)

000 -LEADER
fixed length control field 01635cam a22003854a 4500
001 - CONTROL NUMBER
control field 13330518
005 - DATE AND TIME OF LATEST TRANSACTION
control field 20200810140732.0
008 - FIXED-LENGTH DATA ELEMENTS--GENERAL INFORMATION
fixed length control field 030902s2004 enka b 001 0 eng
010 ## - LIBRARY OF CONGRESS CONTROL NUMBER
LC control number 2003055893
020 ## - INTERNATIONAL STANDARD BOOK NUMBER
International Standard Book Number 0521834813
020 ## - INTERNATIONAL STANDARD BOOK NUMBER
International Standard Book Number 9780521834810
040 ## - CATALOGING SOURCE
Original cataloging agency DLC
Transcribing agency DLC
Modifying agency DLC
041 ## - LANGUAGE CODE
Language code of text/sound track or separate title eng
042 ## - AUTHENTICATION CODE
Authentication code pcc
050 00 - LIBRARY OF CONGRESS CALL NUMBER
Classification number TK6560
Item number .C64 2004
080 ## - UNIVERSAL DECIMAL CLASSIFICATION NUMBER
Universal Decimal Classification number 621.39 C-69
082 00 - DEWEY DECIMAL CLASSIFICATION NUMBER
Classification number 621.384
Edition number 22
100 1# - MAIN ENTRY--PERSONAL NAME
Personal name Coleman, Christopher,
Dates associated with a name 1950-
9 (RLIN) 9154
245 13 - TITLE STATEMENT
Title An introduction to radio frequency engineering /
Statement of responsibility, etc. Christopher Coleman.
260 ## - PUBLICATION, DISTRIBUTION, ETC.
Place of publication, distribution, etc. Cambridge, UK ;
-- New York :
Name of publisher, distributor, etc. Cambridge University Press,
Date of publication, distribution, etc. 2004.
300 ## - PHYSICAL DESCRIPTION
Extent xxii, 310 p. :
Other physical details ill. ;
Dimensions 26 cm.
504 ## - BIBLIOGRAPHY, ETC. NOTE
Bibliography, etc. note Includes bibliographical references and index.
650 #0 - SUBJECT ADDED ENTRY--TOPICAL TERM
Topical term or geographic name entry element Radio circuits
General subdivision Design and construction.
9 (RLIN) 9155
650 #0 - SUBJECT ADDED ENTRY--TOPICAL TERM
Topical term or geographic name entry element Radio
General subdivision Equipment and supplies
-- Design and construction.
9 (RLIN) 9156
650 #0 - SUBJECT ADDED ENTRY--TOPICAL TERM
Topical term or geographic name entry element Radio frequency.
9 (RLIN) 9157
653 ## - INDEX TERM--UNCONTROLLED
keyword რადიო სქემები
653 ## - INDEX TERM--UNCONTROLLED
keyword რადიო სიხშირის ინჟინერიაში
653 ## - INDEX TERM--UNCONTROLLED
keyword ინჟინერია
856 42 - ELECTRONIC LOCATION AND ACCESS
Materials specified Publisher description
Uniform Resource Identifier http://www.loc.gov/catdir/description/cam041/2003055893.html
856 41 - ELECTRONIC LOCATION AND ACCESS
Materials specified Table of contents
Uniform Resource Identifier http://www.loc.gov/catdir/toc/cam041/2003055893.html
856 42 - ELECTRONIC LOCATION AND ACCESS
Materials specified Contributor biographical information
Uniform Resource Identifier http://www.loc.gov/catdir/enhancements/fy0733/2003055893-b.html
906 ## - LOCAL DATA ELEMENT F, LDF (RLIN)
a 7
b cbc
c orignew
d 1
e ocip
f 20
g y-gencatlg
942 ## - ADDED ENTRY ELEMENTS (KOHA)
Source of classification or shelving scheme
Koha item type წიგნი
ეგზემპლარები
Withdrawn status Lost status Source of classification or shelving scheme Damaged status Not for loan Permanent Location Current Location Shelving location Date acquired Cost, normal purchase price Full call number Barcode Date last seen Copy number Price effective from Koha item type Public note
          ბათუმის შოთა რუსთაველის სახელმწიფო უნივერსიტეტის მთავარი ბიბლიოთეკა ბათუმის შოთა რუსთაველის სახელმწიფო უნივერსიტეტის მთავარი ბიბლიოთეკა წიგნსაცავი 2020-08-10 171.00 621.39 C-69 60794 2020-08-10 60794 2020-08-10 წიგნი 171 ლ.